000 00542nam a2200205Ia 4500
003 LK-CoDNM
005 20241216100034.0
008 121108t2007 xxu||||| |||| 00| 0 sin d
040 _aLK-CoDNM
_dLK-CoDNM
_eLK-CoDNM
041 _asin
080 _aX8S1
_bPER
100 _aYamuna Malani Perera
245 _aමතක සංදේශය
246 _aMathaka Sandeshaya
260 _bS.Godage Samagama
_aColombo 10
_c2007
300 _b54p. ; 21 cm
650 _a2007
650 _aසංදේශ කාව්‍යය
942 _cBK
999 _c76052
_d76052